01015cam a22002531 4500001001300000003000400013005001700017008004100034010001700075035002000092040005000112042001200162050003100174110003200205245006300237260006500300300003700365490006400402500008300466500007800549504003200627611008500659999001700744sd 45000012 DLC20260227112735.0941003s1944 nyu b f100 0 eng c asd 45000012  a(OCoLC)31209560 aLibrary, U.S. Dept. of State. Libr.cIENdDLC apremarc00aD410b.F65 vol. 20, no. 122 aForeign Policy Association.10aBretton Woods monetary conference--plans and achievements. a[New York,bForeign Policy Association, Incorporatedc[1944] a1 p. l., 139-147, [1] p.c27 cm.0 aForeign policy reports.vVol. XX, no. 12. September 1, 1944 a"Based on a memorandum specially prepared for the Foreign Policy Association." a"Financial challenge of post-war period, by Grant S. McClellan": p. [148] aBibliographical foot-notes.20aUnited Nations monetary and financial conference,d(1944 :cBretton Woods, N.H.) c89946d89946